000 00600nam a22001817a 4500
010 _aENG-120389
020 _a9788178243542
_c750.00
035 _aEN-103921
037 _bDBAD /PUB
082 _a306.694538082
100 _aSoneji, Davesh
245 _aUnfinished gestures :
_cby Davesh Soneji
_bdevadasis,memory, and modernity in South India /
260 _aRanikhet
_bPermanent Black
_c2012
270 _aHimalayana Mall Road ,
_bRanikhet
_e263645
300 _axiii,313p.
_c23cm(H.b)
_bill
500 _aincludes references and index
942 _2ddc
_cEN
_h306.694538082
_mSON
999 _c144457
_d144457